000 00357nam a2200145Ia 4500
003 OSt
005 20240311112340.0
008 170523s9999 xx 000 0 und d
020 _a978-0070666986
040 _ciimtu meerut
100 _aLEVI- KAMINSKY
245 0 _aDESIGNING AND MANAGING THE SUPPLY CHAIN
260 _bTATA MC GRAW HILL
942 _2ddc
_c02
999 _c1330
_d1330